| Tag |
First Indicator |
Second Indicator |
Subfields |
| LEADER |
00000cam a2200000Ia 4500 |
| 001 |
in00002785986 |
| 006 |
m o d |
| 007 |
cr cn||||||||| |
| 008 |
120305s2012 nyu ob 001 0 eng d |
| 005 |
20250816213317.0 |
| 010 |
|
|
|z 2012006808
|
| 020 |
|
|
|z 9780231161480 (cloth : alk. paper)
|
| 020 |
|
|
|z 9780231161497 (pbk. : alk. paper)
|
| 020 |
|
|
|z 9780231530903 (ebook)
|
| 035 |
|
|
|a (CaPaEBR)ebr10610242
|
| 040 |
|
|
|a CaPaEBR
|c CaPaEBR
|d UtOrBLW
|
| 050 |
1 |
4 |
|a HQ1190
|b .Z556 2012eb
|
| 082 |
0 |
4 |
|a 305.4201
|2 23
|
| 100 |
1 |
|
|a Ziarek, Ewa Płonowska,
|d 1961-
|
| 245 |
1 |
0 |
|a Feminist aesthetics and the politics of modernism /
|c Ewa Plonowska Ziarek.
|
| 264 |
|
1 |
|a New York :
|b Columbia University Press,
|c [2012]
|
| 264 |
|
4 |
|c ©2012
|
| 300 |
|
|
|a 1 online resource (xiii, 265 pages)
|
| 336 |
|
|
|a text
|b txt
|2 rdacontent
|
| 337 |
|
|
|a computer
|b c
|2 rdamedia
|
| 338 |
|
|
|a online resource
|b cr
|2 rdacarrier
|
| 504 |
|
|
|a Includes bibliographical references and index.
|
| 500 |
|
|
|a Electronic resource.
|
| 650 |
|
0 |
|a Aesthetics.
|
| 650 |
|
0 |
|a Feminist criticism.
|
| 650 |
|
0 |
|a Feminist theory.
|
| 650 |
|
0 |
|a Modernism (Aesthetics)
|
| 655 |
|
7 |
|a Electronic books.
|2 local
|
| 710 |
2 |
|
|a ebrary, Inc.
|
| 856 |
4 |
0 |
|u https://ebookcentral.proquest.com/lib/tamucs/detail.action?docID=932172
|y Connect to the full text of this electronic book
|t 0
|
| 980 |
|
|
|a 121106
|b 23.99
|c USD
|e 23.99
|f YBP_EBR0000046136
|g 1
|
| 999 |
f |
f |
|s 8086bf9a-7f97-35f0-bbe2-ac2d08e80d34
|i 46d80337-0bb7-350f-95c1-21868af2a891
|t 0
|
| 999 |
|
|
|a MARS
|
| 952 |
f |
f |
|a Texas A&M University
|b College Station
|c Electronic Resources
|d Available Online
|t 0
|e HQ1190 .Z556 2012eb
|h Library of Congress classification
|
| 998 |
f |
f |
|a HQ1190 .Z556 2012eb
|t 0
|l Available Online
|